000 00691nam a22002055i 4500
001 48156
003 ES-MaACL
005 20250907063041.0
007 t|
008 950707s1845 sp ||||1| spa d
040 _aCAM
_bspa
_cCAM
100 1 _aChantreau, Pierre-Nicolas,
_d1741-1808
_937990
245 1 0 _aNovísimo Chantreau ó Completa gramática francesa
_b: dividida en tres partes /
_crevisada, corregida y aumentada por Juan Alarcón.
260 _aMadrid :
_bJulián Viana Razola,
_c1845.
300 _a464 p. ;
_c20 cm.
650 1 4 _aLengua francesa-
_xGramática.
_914220
700 1 _aAlarcón, Juan.
_919129
852 _aES-MaACL
_jD-1012
999 _c48156
_d48156